000 00498cam a2200181ua 4500
001 1616
008 110713n ii |||gr||||Z||||||eng
040 _cMAIN
082 _a332.4
100 1 _aAdhyapak, Pradip Kr.,
_eAuthor.
245 1 _aMudra bank babastha aru antrajatik banijya
_cby Pradip kumar Adhyapak
250 _a2nd.
260 _aGuahati:
_bBookland,993.
300 _a319p:
_bill;
_c23cm.
_a144p:
653 _aEconomics
653 _amoney banking and international trade
942 _cBK
999 _c1503
_d1503